GrECo International, spol. s r.o. - nezávislý sprostredkovateľ.

Poisťovacie inštitúcie zaoberajúce sa sprostredkovateľskou činnosťou na území SR - Jauch a Hübener a GrECo International, s r.o. História činnosti GrECo International, ponúkané služby, rozsah služieb. Výška sprostredkovateľskej provízie. Pravidlá "hry" sprostredkovateľskej činnosti.

Salvato in:
Dettagli Bibliografici
Natura: Capitolo di libro
Lingua:slovacco
Soggetti:
Tags: Aggiungi Tag
Nessun Tag, puoi essere il primo ad aggiungerne!!

MARC

LEADER 00000naa a2200000 4500
001 r012072
005 20220826093848.3
041 0 |a slo 
044 |a CZ 
245 1 0 |a GrECo International, spol. s r.o. - nezávislý sprostredkovateľ. 
520 |a Poisťovacie inštitúcie zaoberajúce sa sprostredkovateľskou činnosťou na území SR - Jauch a Hübener a GrECo International, s r.o. História činnosti GrECo International, ponúkané služby, rozsah služieb. Výška sprostredkovateľskej provízie. Pravidlá "hry" sprostredkovateľskej činnosti. 
610 2 0 |a sprostredkovatelia 
610 2 0 |a poisťovníctvo 
610 2 0 |a Jauch a Hübener-ČSFR, s.r.o. 
610 2 0 |a GrECo International, s.r.o. 
610 2 0 |a provízie